[Event "Rated Blitz game"]
[Site "?"]
[Date "2021.11.14"]
[Round "?"]
[White "realmadridfc1234"]
[Black "Minty0209"]
[Result "1-0"]
[WhiteElo "2637"]
[BlackElo "2362"]
[PlyCount "67"]
[EventDate "2021.??.??"]
[EventType "blitz"]

1. e4 e5 2. Nf3 d5 3. exd5 e4 4. Qe2 Qe7 5. Nd4 Qe5 6. Nb3 f5 7. d3 Nf6 8. dxe4
fxe4 9. Nc3 Nbd7 10. Be3 Bb4 11. Bd4 Qe7 12. O-O-O a5 13. a3 a4 14. Nd2 Bxa3
15. bxa3 Qxa3+ 16. Kb1 Qb4+ 17. Ka2 Qxd4 18. Ndxe4 Qe5 19. f4 Qe7 20. d6 Qf7+
21. Qc4 Qxc4+ 22. Bxc4 Nb6 23. Nxf6+ gxf6 24. Rhe1+ Kf8 25. dxc7 Nxc4 26. Rd8+
Kg7 27. Re7+ Kg6 28. Rxh8 Nb6 29. Ree8 Be6+ 30. Rxe6 Rxh8 31. Rxb6 Rc8 32. Nd5
Kf7 33. Rxb7 Ke6 34. Nb6 {Normal} 1-0

[Event "Rated Blitz tournament 5KIiPxn9"]
[Site "?"]
[Date "2021.11.14"]
[Round "?"]
[White "SirrMax"]
[Black "Frutek"]
[Result "1-0"]
[WhiteElo "2256"]
[BlackElo "2522"]
[PlyCount "35"]
[EventDate "2021.??.??"]
[EventType "blitz"]

1. e4 e5 2. Nf3 d5 3. exd5 e4 4. Qe2 Nf6 5. d3 Qxd5 6. Nbd2 Bb4 7. c3 O-O 8.
dxe4 Qc6 9. cxb4 Re8 10. Nd4 Qb6 11. Nc2 Nc6 12. g3 Bg4 13. f3 Rad8 14. fxg4
Rxd2 15. Bxd2 Rxe4 16. Be3 Nxb4 17. Bxb6 Nxc2+ 18. Kd2 {Normal} 1-0

[Event "Rated Blitz game"]
[Site "?"]
[Date "2021.11.14"]
[Round "?"]
[White "dr_xRL30-07"]
[Black "King_bg03"]
[Result "0-1"]
[WhiteElo "2756"]
[BlackElo "2772"]
[PlyCount "36"]
[EventDate "2021.??.??"]
[EventType "blitz"]

1. e4 e5 2. Nf3 d5 3. Nc3 dxe4 4. Nxe4 f5 5. Bc4 fxe4 6. Nxe5 Qg5 7. d4 Qxg2 8.
Rf1 Nf6 9. Bf4 Bd6 10. Qd2 Bg4 11. Nf7 Bxf4 12. Qxf4 O-O 13. Kd2 Rxf7 14. Bxf7+
Kxf7 15. Qxc7+ Nbd7 16. Rae1 e3+ 17. Kc1 Be2 18. Rg1 exf2 {Normal} 0-1

[Event "Rated Blitz tournament 5KIiPxn9"]
[Site "?"]
[Date "2021.11.14"]
[Round "?"]
[White "Frutek"]
[Black "Shuhratullo"]
[Result "1-0"]
[WhiteElo "2512"]
[BlackElo "2342"]
[PlyCount "41"]
[EventDate "2021.??.??"]
[EventType "blitz"]

1. e4 e5 2. Nf3 d5 3. d4 dxe4 4. Nxe5 Bd6 5. Bc4 Bxe5 6. Qh5 Qxd4 7. Qxf7+ Kd8
8. Bg5+ Nf6 9. Nc3 Qd7 10. Rd1 Bd6 11. Bxf6+ gxf6 12. Qxf6+ Ke8 13. Qxh8+ Ke7
14. Qxh7+ Ke8 15. Qg8+ Ke7 16. Qf7+ Kd8 17. h4 Nc6 18. h5 Ne5 19. Qf6+ Ke8 20.
h6 Nxc4 21. h7 {Normal} 1-0

[Event "Rated Blitz tournament 5KIiPxn9"]
[Site "?"]
[Date "2021.11.14"]
[Round "?"]
[White "BraitLelumees"]
[Black "DOOGE228"]
[Result "1-0"]
[WhiteElo "2351"]
[BlackElo "2425"]
[PlyCount "91"]
[EventDate "2021.??.??"]
[EventType "blitz"]

1. e4 e5 2. Nf3 d5 3. exd5 e4 4. Qe2 Nf6 5. d3 Qxd5 6. Nbd2 Nc6 7. Nxe4 Be6 8.
Nxf6+ gxf6 9. Bd2 O-O-O 10. Qe4 Qb5 11. Bc3 Bb4 12. d4 Bxc3+ 13. bxc3 Qb2 14.
Rd1 Qxc3+ 15. Rd2 Rhe8 16. Be2 Bc4 17. Qf5+ Kb8 18. Ng1 Bxe2 19. Nxe2 Rxe2+ 20.
Kxe2 Nxd4+ 21. Rxd4 Qxd4 22. Re1 Qc4+ 23. Kf3 Qxa2 24. Qxf6 Qd5+ 25. Kg3 Rg8+
26. Kh3 Qh5+ 27. Qh4 Qf5+ 28. g4 Qxc2 29. Qe7 a5 30. Qxf7 Rd8 31. Re3 Qd1 32.
Kg3 Qg1+ 33. Kh3 Qf1+ 34. Kg3 Qg1+ 35. Kh3 Qb1 36. Qf6 Rd6 37. Qf8+ Ka7 38. Qh8
Rh6+ 39. Kg2 Qb5 40. Qd4+ b6 41. Qf4 Qc6+ 42. f3 Rf6 43. Qe4 Qc2+ 44. Qxc2 Rd6
45. Qxc7+ Ka6 46. Qxd6 {Normal} 1-0

[Event "Rated Blitz game"]
[Site "?"]
[Date "2021.11.14"]
[Round "?"]
[White "Molpfy"]
[Black "Erow"]
[Result "0-1"]
[WhiteElo "2640"]
[BlackElo "2717"]
[PlyCount "70"]
[EventDate "2021.??.??"]
[EventType "blitz"]

1. e4 e5 2. Nf3 d5 3. Nxe5 Bd6 4. d4 dxe4 5. Bc4 Bxe5 6. Qh5 Qe7 7. Qxe5 Nf6 8.
Bg5 Qxe5 9. dxe5 Ng4 10. Bf4 Nc6 11. Bb5 Bd7 12. Nc3 Ngxe5 13. Nxe4 O-O 14.
O-O-O Bf5 15. Ng3 Bg6 16. Rhe1 f6 17. a3 Rfe8 18. f3 a6 19. Bxe5 axb5 20. Bxc7
Rxe1 21. Rxe1 Rc8 22. Bd6 Nd4 23. Ne4 Rxc2+ 24. Kd1 Rxg2 25. Nd2 Bc2+ 26. Kc1
Bd3 27. f4 Nf5 28. Bc5 Rxh2 29. Re8+ Kf7 30. Rd8 Rh1+ 31. Nf1 Rxf1+ 32. Kd2 Bc4
33. Rd7+ Kg6 34. Rxb7 Bd5 35. Kc3 Bxb7 {Normal} 0-1

[Event "Rated Blitz tournament gC6uzu0p"]
[Site "?"]
[Date "2021.11.14"]
[Round "?"]
[White "Ute-Manfred"]
[Black "Madjrs72"]
[Result "1-0"]
[WhiteElo "2680"]
[BlackElo "2320"]
[PlyCount "67"]
[EventDate "2021.??.??"]
[EventType "blitz"]

1. e4 e5 2. Nf3 d5 3. exd5 e4 4. Qe2 Nf6 5. d3 Qxd5 6. Nbd2 Nc6 7. dxe4 Qe6 8.
c3 Bc5 9. Qc4 O-O 10. Qxc5 Nxe4 11. Nxe4 Qxe4+ 12. Be3 Be6 13. Ng5 Qc2 14. Nxe6
fxe6 15. Qc4 Qxb2 16. Rd1 Kh8 17. Be2 Ne5 18. Qb3 Qxb3 19. axb3 Nc6 20. Bf3 Ne5
21. Be4 c6 22. Ke2 Ng4 23. f3 Nf6 24. Bd4 Nd5 25. Bxd5 exd5 26. Kd3 a6 27. b4
Rae8 28. Rde1 Kg8 29. h4 Kf7 30. h5 h6 31. Kd2 Ra8 32. Rh4 Rfe8 33. Rf4+ Kg8
34. Rg4 {Normal} 1-0

[Event "Rated Blitz tournament 8qOnpKNs"]
[Site "?"]
[Date "2021.11.14"]
[Round "?"]
[White "SimonMkrtchyan"]
[Black "boberarena"]
[Result "1-0"]
[WhiteElo "2487"]
[BlackElo "2345"]
[PlyCount "39"]
[EventDate "2021.??.??"]
[EventType "blitz"]

1. Nf3 e5 2. e4 d5 3. d4 dxe4 4. Nxe5 Nd7 5. Nxf7 Kxf7 6. Bc4+ Ke8 7. O-O Ngf6
8. Nc3 Bb4 9. Bg5 Bxc3 10. bxc3 h6 11. Bh4 g5 12. Bg3 Kf8 13. f3 exf3 14. Qxf3
Kg7 15. Rae1 Rf8 16. Re6 Nh7 17. Qe4 Rxf1+ 18. Bxf1 Ndf6 19. Re7+ Kg8 20. Qg6+
{Time forfeit} 1-0

[Event "Rated Blitz game"]
[Site "?"]
[Date "2021.11.14"]
[Round "?"]
[White "Tintyn"]
[Black "Fletov"]
[Result "0-1"]
[WhiteElo "2428"]
[BlackElo "2358"]
[PlyCount "91"]
[EventDate "2021.??.??"]
[EventType "blitz"]

1. e4 e5 2. Nf3 d5 3. d4 dxe4 4. Nxe5 Bd6 5. Nc4 Be7 6. Be2 Nf6 7. O-O O-O 8.
Bg5 Bf5 9. Ne3 Bg6 10. c4 Nc6 11. d5 Ne5 12. Nc3 a5 13. Qd2 h6 14. Bf4 Nfd7 15.
Ng4 Nxg4 16. Bxg4 f5 17. Be2 Bh7 18. Nb5 Bb4 19. Qd1 g5 20. Bxc7 Qf6 21. d6 Bg6
22. a3 Bc5 23. Nc3 Kh7 24. Nd5 Qf7 25. b4 Ba7 26. c5 f4 27. Bc4 Qg7 28. Qd2 Ne5
29. Ba2 Rae8 30. Rfe1 g4 31. Nxf4 Bf5 32. d7 Nf3+ 33. gxf3 gxf3+ 34. Kh1 Bh3
35. Rg1 Bg2+ 36. Nxg2 fxg2+ 37. Rxg2 Qf6 38. Rgg1 Qf3+ 39. Rg2 e3 40. Qd5 Re7
41. Qxf3 Rxf3 42. fxe3 Bb8 43. Rag1 Bxc7 44. Rg7+ Rxg7 45. Rxg7+ Kxg7 46. Kg2 {
Normal} 0-1

[Event "Rated Blitz game"]
[Site "?"]
[Date "2021.11.14"]
[Round "?"]
[White "Ruben_Briceno"]
[Black "jGabriel-Ledezma"]
[Result "1-0"]
[WhiteElo "2497"]
[BlackElo "2448"]
[PlyCount "50"]
[EventDate "2021.??.??"]
[EventType "blitz"]

1. e4 e5 2. Nf3 d5 3. exd5 e4 4. Qe2 f5 5. d3 Nf6 6. dxe4 fxe4 7. Nbd2 Bc5 8.
Nxe4 Qe7 9. Nxc5 Bg4 10. Qxe7+ Kxe7 11. Bg5 Kd6 12. Bxf6 Kxc5 13. Bxg7 Re8+ 14.
Kd2 Nd7 15. c4 Bxf3 16. gxf3 Nb6 17. b3 Rad8 18. Kc3 c6 19. Bd4+ Kd6 20. c5+
Kxd5 21. cxb6 c5 22. Bc4+ Kc6 23. Be3 axb6 24. a4 Kc7 25. Rad1 Rxd1 {Normal}
1-0

[Event "Rated Blitz game"]
[Site "?"]
[Date "2021.11.14"]
[Round "?"]
[White "Quaritch79"]
[Black "fuglfonix"]
[Result "0-1"]
[WhiteElo "2430"]
[BlackElo "2373"]
[PlyCount "42"]
[EventDate "2021.??.??"]
[EventType "blitz"]

1. e4 e5 2. Nf3 d5 3. exd5 e4 4. Nd4 Qxd5 5. Nb3 Bd6 6. Nc3 Qe5 7. Bc4 Nf6 8.
Qe2 Nc6 9. Nb5 O-O 10. Nxd6 cxd6 11. c3 d5 12. Bb5 Bg4 13. Qe3 d4 14. Nxd4 Nxd4
15. Qxd4 Qxb5 16. c4 Qf5 17. O-O Rad8 18. Qxa7 Bf3 19. gxf3 exf3 20. Kh1 Qh3
21. Rg1 Ng4 {Normal} 0-1

[Event "Rated Blitz game"]
[Site "?"]
[Date "2021.11.14"]
[Round "?"]
[White "thaeraffouf"]
[Black "Nepsuliini"]
[Result "0-1"]
[WhiteElo "2260"]
[BlackElo "2405"]
[PlyCount "50"]
[EventDate "2021.??.??"]
[EventType "blitz"]

1. e4 e5 2. Nf3 d5 3. Nxe5 Bd6 4. d4 dxe4 5. Nc4 Nf6 6. Be2 O-O 7. O-O Be7 8.
Ne3 c5 9. d5 Re8 10. c4 Nbd7 11. Nc3 a6 12. a4 g6 13. a5 Bf8 14. Qc2 Bg7 15. b3
Qe7 16. Bb2 Ne5 17. Rad1 Neg4 18. Nxg4 Nxg4 19. d6 Qe5 20. Bxg4 Bxg4 21. Rd5
Qf4 22. Qd2 Qxd2 23. Rxd2 Rad8 24. Re1 Bf5 25. g3 Bd4 {Time forfeit} 0-1

[Event "Rated Blitz game"]
[Site "?"]
[Date "2021.11.14"]
[Round "?"]
[White "Izzrayizzix"]
[Black "lavilaine"]
[Result "1-0"]
[WhiteElo "2509"]
[BlackElo "2380"]
[PlyCount "65"]
[EventDate "2021.??.??"]
[EventType "blitz"]

1. e4 e5 2. Nf3 d5 3. Nxe5 Qe7 4. d4 f6 5. Nd3 dxe4 6. Nf4 Be6 7. Nc3 Bf7 8. d5
Nd7 9. Bb5 O-O-O 10. Be3 a6 11. a4 f5 12. O-O Ngf6 13. Qd4 Qc5 14. Qd2 Qb4 15.
Ra3 axb5 16. Rb3 bxa4 17. Rxb4 Bxb4 18. Qd4 Bc5 19. Qxa4 Bxe3 20. fxe3 Nb6 21.
Qa5 Bxd5 22. Nfxd5 Nfxd5 23. Nxd5 Rxd5 24. Qc3 Rd7 25. h3 Nd5 26. Qb3 g6 27.
Ra1 Nb6 28. c4 Rd3 29. Qb5 Rxe3 30. c5 Nd7 31. Ra8+ Nb8 32. c6 bxc6 33. Qxb8+ {
Normal} 1-0

[Event "Rated Blitz game"]
[Site "?"]
[Date "2021.11.14"]
[Round "?"]
[White "JackHenry"]
[Black "King_bg03"]
[Result "1-0"]
[WhiteElo "2777"]
[BlackElo "2747"]
[PlyCount "99"]
[EventDate "2021.??.??"]
[EventType "blitz"]

1. e4 e5 2. Nf3 d5 3. d3 dxe4 4. dxe4 Qxd1+ 5. Kxd1 Nc6 6. c3 f5 7. Bd3 Nf6 8.
Nbd2 fxe4 9. Nxe4 Bg4 10. Kc2 O-O-O 11. Nxf6 gxf6 12. Nh4 Bc5 13. f3 Be6 14.
Bf5 Kd7 15. Bh6 Bxf5+ 16. Nxf5 Ke6 17. g4 Ne7 18. Nxe7 Bxe7 19. Rad1 f5 20.
Rxd8 Rxd8 21. Re1 fxg4 22. fxg4 Bf8 23. Bf4 Bg7 24. Re2 Rf8 25. Bg3 Rf1 26. Kd3
b5 27. Ke4 Rd1 28. Rf2 c5 29. a3 c4 30. h4 Re1+ 31. Kf3 e4+ 32. Kg2 Be5 33.
Rf6+ Bxf6 34. Bxe1 a5 35. Kh3 Kd5 36. g5 Be5 37. Kg4 b4 38. axb4 axb4 39. h5
bxc3 40. Bxc3 Bxc3 41. bxc3 Ke5 42. g6 hxg6 43. hxg6 Kf6 44. Kf4 Kxg6 45. Kxe4
Kf6 46. Kd5 Ke7 47. Kxc4 Kd6 48. Kb5 Kc7 49. Kc5 Kb7 50. Kd6 {Normal} 1-0

[Event "Rated Blitz game"]
[Site "?"]
[Date "2021.11.14"]
[Round "?"]
[White "lygintuvas"]
[Black "Jomajo"]
[Result "1/2-1/2"]
[WhiteElo "2542"]
[BlackElo "2641"]
[PlyCount "111"]
[EventDate "2021.??.??"]
[EventType "blitz"]

1. e4 e5 2. Nf3 d5 3. Nxe5 Bd6 4. d4 dxe4 5. Nc3 Bxe5 6. dxe5 Qxd1+ 7. Kxd1 Nc6
8. Bb5 Nge7 9. Nxe4 Bg4+ 10. f3 O-O-O+ 11. Ke1 Bf5 12. Bg5 Rd5 13. Bc4 Bxe4 14.
fxe4 Rd4 15. Bxf7 Rxe4+ 16. Kd2 Rxe5 17. Bxe7 Rxe7 18. Bc4 Rd8+ 19. Bd3 Nb4 20.
Rae1 Red7 21. Re3 Nxd3 22. cxd3 c5 23. Kc3 Kc7 24. Rf1 b5 25. a3 Kc6 26. Re6+
Kc7 27. Rf3 Kb7 28. h3 a5 29. g4 Rd4 30. Re7+ R8d7 31. Rxd7+ Rxd7 32. Rf5 Kc6
33. h4 b4+ 34. axb4 axb4+ 35. Kc2 Re7 36. d4 cxd4 37. Kb3 Re4 38. Rg5 g6 39.
Kxb4 Re3 40. Kc4 d3 41. Kc3 Re2 42. Kxd3 Rxb2 43. h5 gxh5 44. Rxh5 Rb7 45. Ke4
Rf7 46. Rf5 Rg7 47. Rf6+ Kd7 48. Kf5 Ke7 49. g5 Rg8 50. Rh6 Rf8+ 51. Kg4 Rf7
52. Kh5 Kf8 53. Rf6 Rxf6 54. gxf6 Kf7 55. Kh6 Kxf6 56. Kxh7 {Normal} 1/2-1/2

[Event "Rated Rapid game"]
[Site "?"]
[Date "2021.11.14"]
[Round "?"]
[White "Omar_Mustafa03"]
[Black "ATAydin"]
[Result "0-1"]
[WhiteElo "2425"]
[BlackElo "2359"]
[PlyCount "126"]
[EventDate "2021.??.??"]
[EventType "rapid"]

1. e4 e5 2. Nf3 d5 3. exd5 e4 4. Qe2 Nf6 5. d3 Bb4+ 6. c3 O-O 7. dxe4 Bc5 8.
Bg5 Re8 9. Nbd2 c6 10. dxc6 Nxc6 11. O-O-O Qe7 12. Nb3 Bb6 13. e5 Nxe5 14. Nxe5
Qxe5 15. Qxe5 Rxe5 16. Bxf6 gxf6 17. Nd4 Bg4 18. f3 Bd7 19. Bc4 Rae8 20. b3 Ba5
21. Kb2 Rc8 22. f4 Re3 23. Rc1 a6 24. Rhd1 b5 25. Bd3 Rd8 26. f5 Bc7 27. g3 h5
28. Rc2 Rxd3 29. Rxd3 Bxf5 30. Rdd2 Bxc2 31. Kxc2 Kg7 32. Nc6 Rxd2+ 33. Kxd2
Kg6 34. Nb4 a5 35. Nd5 Bd6 36. Kd3 Kg5 37. c4 bxc4+ 38. bxc4 f5 39. Kd4 h4 40.
gxh4+ Kxh4 41. c5 Bxh2 42. c6 Bb8 43. c7 Bxc7 44. Nxc7 f4 45. Nd5 f3 46. Ne3
Kg3 47. Ke4 f2 48. Kf5 a4 49. a3 Kf3 50. Nf1 Ke2 51. Ng3+ Ke1 52. Kf6 f1=Q+ 53.
Nxf1 Kxf1 54. Kxf7 Ke2 55. Ke6 Kd3 56. Kd5 Kc3 57. Kc5 Kb3 58. Kb5 Kxa3 59. Kc4
Kb2 60. Kd3 a3 61. Kd2 a2 62. Ke2 a1=Q 63. Ke3 Kc3 {Normal} 0-1

[Event "Rated Blitz game"]
[Site "?"]
[Date "2021.11.14"]
[Round "?"]
[White "xenoxer"]
[Black "King_bg03"]
[Result "1-0"]
[WhiteElo "2661"]
[BlackElo "2761"]
[PlyCount "62"]
[EventDate "2021.??.??"]
[EventType "blitz"]

1. e4 e5 2. Nf3 d5 3. exd5 e4 4. Ne5 Qxd5 5. d4 exd3 6. Nxd3 Nf6 7. Nc3 Qd8 8.
Bg5 Be7 9. Qd2 O-O 10. O-O-O Bf5 11. Be2 Nc6 12. Bf3 Nd4 13. Bxb7 Rb8 14. Bf3
Nxf3 15. gxf3 c5 16. Nf4 Qb6 17. b3 Qa5 18. Kb1 c4 19. Ncd5 Qd8 20. Nxe7+ Qxe7
21. Nd5 Qe6 22. Bxf6 gxf6 23. Rhe1 cxb3 24. axb3 Rxb3+ 25. Kc1 Qa6 26. Qh6 Qa1+
27. Kd2 Qd4+ 28. Ke2 Qe5+ 29. Kf1 Bh3+ 30. Kg1 Qg5+ 31. Qxg5+ fxg5 {Normal} 1-0

[Event "Rated Blitz game"]
[Site "?"]
[Date "2021.11.14"]
[Round "?"]
[White "Shurman-kgn"]
[Black "Konevoyazher"]
[Result "1-0"]
[WhiteElo "2407"]
[BlackElo "2350"]
[PlyCount "77"]
[EventDate "2021.??.??"]
[EventType "blitz"]

1. e4 e5 2. Nf3 d5 3. Nxe5 dxe4 4. d4 exd3 5. Bxd3 Bd6 6. Nc4 Nf6 7. Nxd6+ Qxd6
8. O-O O-O 9. Nc3 Nc6 10. Bg5 Ne5 11. Bf4 Nfd7 12. Re1 Qf6 13. Bxh7+ Kxh7 14.
Qh5+ Kg8 15. Bxe5 Nxe5 16. Rxe5 g6 17. Qe2 Be6 18. Qe3 c6 19. f4 Rad8 20. Re1
Bf5 21. Re2 Rd7 22. h3 Rfd8 23. g4 Bxc2 24. Rxc2 Rd3 25. Re8+ Kg7 26. Qe5 Rxe8
27. Qxe8 Qxf4 28. Qe1 Rxh3 29. Rg2 Re3 30. Qf2 Qd4 31. g5 Re1+ 32. Kh2 Qe5+ 33.
Qg3 Qe6 34. Qf4 b5 35. Rf2 Re3 36. Qf6+ Qxf6 37. gxf6+ Kh6 38. Kg2 Re6 39. Rf5
{Time forfeit} 1-0

[Event "Rated Blitz game"]
[Site "?"]
[Date "2021.11.14"]
[Round "?"]
[White "OKCChessCoach"]
[Black "DOOGE228"]
[Result "1-0"]
[WhiteElo "2472"]
[BlackElo "2401"]
[PlyCount "47"]
[EventDate "2021.??.??"]
[EventType "blitz"]

1. e4 e5 2. Nf3 d5 3. Nc3 dxe4 4. Nxe4 f5 5. Ng3 e4 6. Ne5 Qd6 7. Nc4 Qd4 8. d3
Be6 9. Be3 Qd7 10. dxe4 Nc6 11. exf5 Bxf5 12. Nxf5 Qxf5 13. Bd3 Qf7 14. O-O
O-O-O 15. Qe2 Nd4 16. Bxd4 Rxd4 17. c3 Rd8 18. Ne5 Qf6 19. Qg4+ Kb8 20. Nd7+
Rxd7 21. Qxd7 Be7 22. Bf5 Nh6 23. Bh3 g5 24. Rae1 {Normal} 1-0

[Event "Rated Blitz game"]
[Site "?"]
[Date "2021.11.14"]
[Round "?"]
[White "khatkevich71"]
[Black "maradilla"]
[Result "1-0"]
[WhiteElo "2428"]
[BlackElo "2419"]
[PlyCount "77"]
[EventDate "2021.??.??"]
[EventType "blitz"]

1. e4 e5 2. Nf3 d5 3. exd5 e4 4. Nd4 Qxd5 5. Nb3 Nf6 6. Nc3 Qe5 7. Be2 Nc6 8.
O-O Bd6 9. g3 h5 10. Nb5 h4 11. Nxd6+ Qxd6 12. d4 hxg3 13. fxg3 Bh3 14. Rf2
O-O-O 15. c3 Qd7 16. Nc5 Qd5 17. Qb3 b6 18. Qxd5 Rxd5 19. Rxf6 gxf6 20. Nxe4 f5
21. Ng5 Bg4 22. Bc4 Rd7 23. Nxf7 Re8 24. Bf4 Na5 25. Ba6+ Kb8 26. Ne5 Rde7 27.
b4 Rxe5 28. Bxe5 Nc6 29. Bb5 Rxe5 30. dxe5 Nxe5 31. h4 c6 32. Bf1 Nf3+ 33. Kf2
Nd2 34. Bd3 c5 35. bxc5 bxc5 36. Ke3 Nf3 37. Kf4 c4 38. Bxf5 Bxf5 39. Kxf3 {
Normal} 1-0

[Event "Rated Rapid game"]
[Site "?"]
[Date "2021.11.14"]
[Round "?"]
[White "Amar01"]
[Black "shamillo2000"]
[Result "0-1"]
[WhiteElo "2263"]
[BlackElo "2529"]
[PlyCount "68"]
[EventDate "2021.??.??"]
[EventType "rapid"]

1. e4 e5 2. Nf3 d5 3. Nxe5 dxe4 4. Bc4 Qg5 5. Bxf7+ Kd8 6. O-O Qxe5 7. d4 Qf5
8. Bb3 Nf6 9. f3 Bd6 10. fxe4 Qxe4 11. Bg5 h6 12. Bxf6+ gxf6 13. Qh5 Qxd4+ 14.
Kh1 Bg4 15. Qh4 Nd7 16. Nc3 Qe5 17. Nd5 c6 18. Rxf6 Be7 19. Qxg4 Bxf6 20. Nxf6
Nxf6 21. Rd1+ Kc7 22. Qg7+ Kb6 23. Bc4 Rad8 24. Rf1 Nd7 25. Qg4 Rhf8 26. Rb1
Rf4 27. Qg3 Rxc4 28. Qb3+ Qb5 29. Qe3+ Nc5 30. a4 Qxa4 31. Rc1 Rxc2 32. Re1 Qg4
33. Rg1 Rd1 34. b4 Qxg2# {Normal} 0-1

[Event "Rated Blitz game"]
[Site "?"]
[Date "2021.11.14"]
[Round "?"]
[White "Diamant187"]
[Black "DOOGE228"]
[Result "0-1"]
[WhiteElo "2422"]
[BlackElo "2422"]
[PlyCount "71"]
[EventDate "2021.??.??"]
[EventType "blitz"]

1. e4 e5 2. Nf3 d5 3. Nxe5 Bd6 4. d4 dxe4 5. Bc4 Bxe5 6. Qh5 Qe7 7. Qxe5 Qxe5
8. dxe5 Ne7 9. Nc3 O-O 10. Nxe4 Nbc6 11. f4 Bf5 12. Bd3 Nb4 13. Ke2 Rad8 14.
Bd2 Nxd3 15. cxd3 Bg4+ 16. Ke3 Nf5+ 17. Kf2 Rxd3 18. h3 Ng3 19. Nxg3 Rxd2+ 20.
Ke3 Rxg2 21. Ne4 Bf5 22. Nf2 Rg3+ 23. Ke2 f6 24. exf6 Re8+ 25. Kf1 Rf3 26. Kg2
Rxf4 27. fxg7 Re2 28. Rhf1 Rxb2 29. Kg3 Ra4 30. Rae1 Kxg7 31. Re7+ Kf6 32. Rxc7
Ra3+ 33. Kh4 Rf3 34. Ng4+ Bxg4 35. Rd1 Be6 36. Rd6 {Normal} 0-1

[Event "Rated Blitz game"]
[Site "?"]
[Date "2021.11.14"]
[Round "?"]
[White "barbosean"]
[Black "Beroe1916"]
[Result "1/2-1/2"]
[WhiteElo "2405"]
[BlackElo "2429"]
[PlyCount "73"]
[EventDate "2021.??.??"]
[EventType "blitz"]

1. e4 e5 2. Nf3 d5 3. exd5 e4 4. Ne5 Nf6 5. c4 Bc5 6. d4 exd3 7. Bxd3 O-O 8.
O-O Re8 9. Bf4 Bd4 10. Re1 Bxb2 11. Nd2 Bxa1 12. Qxa1 Nbd7 13. Ndf3 Nxe5 14.
Bxe5 Bg4 15. Ng5 h6 16. h3 hxg5 17. hxg4 Nxg4 18. Bd4 Qd6 19. g3 Qh6 20. Kg2
Qh2+ 21. Kf3 Qh5 22. Kg2 Rxe1 23. Qxe1 Nf6 24. Qe7 Qd1 25. Bxf6 Qxd3 26. Bxg5
Qxc4 27. Qd7 c6 28. Qxb7 Qxd5+ 29. Kh2 Re8 30. Be3 Qxa2 31. Qxc6 Rxe3 32. Qc8+
Kh7 33. Qh3+ Kg6 34. Qg4+ Kh7 35. Qh3+ Kg8 36. Qc8+ Kh7 37. Qh3+ {Normal}
1/2-1/2

[Event "Rated Blitz game"]
[Site "?"]
[Date "2021.11.14"]
[Round "?"]
[White "MorphyFan720"]
[Black "Beroe1916"]
[Result "1/2-1/2"]
[WhiteElo "2462"]
[BlackElo "2449"]
[PlyCount "118"]
[EventDate "2021.??.??"]
[EventType "blitz"]

1. e4 e5 2. Nf3 d5 3. Nxe5 Bd6 4. d4 dxe4 5. Nc3 Bxe5 6. dxe5 Qxd1+ 7. Nxd1 Nc6
8. Nc3 Nxe5 9. Nxe4 Bf5 10. Bf4 Ng6 11. Ng3 Nxf4 12. Nxf5 O-O-O 13. g3 Ne6 14.
Bg2 g6 15. Ne3 Nf6 16. O-O Rd2 17. Rad1 Rhd8 18. Rxd2 Rxd2 19. Rd1 Rxd1+ 20.
Nxd1 Nd4 21. Ne3 c6 22. Kf1 Kc7 23. Ke1 Nb5 24. c3 Nd6 25. f3 h5 26. h4 b5 27.
Bf1 c5 28. g4 c4 29. b3 cxb3 30. axb3 a6 31. Kd2 hxg4 32. Nxg4 Nxg4 33. fxg4
Ne4+ 34. Kc2 Ng3 35. Bg2 f5 36. Bf3 fxg4 37. Bxg4 Ne4 38. Be2 Nf6 39. Bd3 Kd6
40. Bxg6 Ke5 41. h5 Ng8 42. Kd3 Nh6 43. c4 bxc4+ 44. Kxc4 Kd6 45. Kb4 Kc6 46.
Ka5 Kc5 47. b4+ Kc4 48. Be8 Nf5 49. Ka4 Nh6 50. Bg6 Kd5 51. Bd3 Kd4 52. Bxa6
Kd5 53. Be2 Kc6 54. Bd1 Kb6 55. Kb3 Nf5 56. Kc4 Ng7 57. Kd5 Nxh5 58. Bxh5 Kb5
59. Kd4 Kxb4 {Normal} 1/2-1/2

[Event "Rated Blitz tournament dK28KG62"]
[Site "?"]
[Date "2021.11.14"]
[Round "?"]
[White "Sting2010"]
[Black "Siebenschlaefer"]
[Result "0-1"]
[WhiteElo "2271"]
[BlackElo "2402"]
[PlyCount "66"]
[EventDate "2021.??.??"]
[EventType "blitz"]

1. e4 e5 2. Nf3 d5 3. Nc3 dxe4 4. Nxe4 Nf6 5. Nxf6+ Qxf6 6. d3 Bg4 7. Be2 h6 8.
Nd2 Bxe2 9. Qxe2 Nc6 10. Ne4 Qg6 11. O-O f5 12. Nc3 Bd6 13. f4 O-O 14. fxe5
Bxe5 15. Bf4 Rae8 16. Bxe5 Rxe5 17. Qf2 f4 18. Rae1 f3 19. g3 Rxe1 20. Rxe1 Nd4
21. Re4 Nxc2 22. Qxc2 f2+ 23. Kf1 Qf5 24. g4 Qf3 25. Qd1 Qh1+ 26. Ke2 f1=Q+ 27.
Qxf1 Qxf1+ 28. Ke3 Qc1+ 29. Kd4 Qxb2 30. Kc4 c6 31. Re2 b5+ 32. Kd4 Rd8+ 33.
Kc5 Qxc3# {Normal} 0-1

[Event "Rated Blitz game"]
[Site "?"]
[Date "2021.11.14"]
[Round "?"]
[White "khatkevich71"]
[Black "Maltinho"]
[Result "0-1"]
[WhiteElo "2441"]
[BlackElo "2542"]
[PlyCount "52"]
[EventDate "2021.??.??"]
[EventType "blitz"]

1. e4 e5 2. Nf3 d5 3. exd5 Bd6 4. Nc3 Nf6 5. d3 Bg4 6. Be2 Nbd7 7. Bg5 h6 8.
Bh4 g5 9. Bg3 Qe7 10. h3 Bf5 11. Qd2 Nb6 12. O-O-O Nbxd5 13. Nxd5 Nxd5 14. Rhe1
O-O-O 15. Bf1 f6 16. Kb1 Qd7 17. Qa5 Qc6 18. Qxa7 Bb4 19. Nxe5 fxe5 20. Rxe5
Bc5 21. Qa8+ Kd7 22. Rxd5+ Qxd5 23. Qa4+ c6 24. f4 Ra8 25. Qb3 Qxb3 26. axb3
Bd6 {Normal} 0-1

[Event "Rated Blitz tournament 5KIiPxn9"]
[Site "?"]
[Date "2021.11.14"]
[Round "?"]
[White "Anti31"]
[Black "Shuhratullo"]
[Result "0-1"]
[WhiteElo "2427"]
[BlackElo "2327"]
[PlyCount "98"]
[EventDate "2021.??.??"]
[EventType "blitz"]

1. e4 e5 2. Nf3 d5 3. d4 dxe4 4. Nxe5 Bd6 5. Nc4 Nf6 6. Bg5 h6 7. Bh4 g5 8. Bg3
Be6 9. Nbd2 Nc6 10. c3 h5 11. Bxd6 cxd6 12. h4 gxh4 13. Ne3 d5 14. Rxh4 Ng4 15.
Rh1 Nxe3 16. fxe3 Qg5 17. Qe2 Bg4 18. Qf2 O-O-O 19. g3 f5 20. Qf4 Qg6 21. Bb5
a6 22. Ba4 b5 23. Bb3 Kb7 24. Rh4 Na5 25. Kf2 Nc4 26. Bxc4 dxc4 27. Rah1 Rhg8
28. Nb1 Rd7 29. Na3 Rdg7 30. Rg1 Qc6 31. Nc2 Qb6 32. Nb4 a5 33. Nd5 Qc6 34. Qe5
Rd8 35. Qxg7+ Rd7 36. Ne7 Qe6 37. Re1 Rxe7 38. Qg5 Rd7 39. Qf4 b4 40. Rc1 bxc3
41. Rxc3 Qb6 42. Rc2 Qb4 43. Rh1 Bf3 44. Rhc1 Rc7 45. Qe5 Rc6 46. Qd5 a4 47.
Rxc4 Qd2+ 48. Kf1 Qe2+ 49. Kg1 Qg2# {Normal} 0-1

[Event "Rated Blitz game"]
[Site "?"]
[Date "2021.11.14"]
[Round "?"]
[White "VirSla"]
[Black "Adim_Ayub"]
[Result "0-1"]
[WhiteElo "2449"]
[BlackElo "2357"]
[PlyCount "68"]
[EventDate "2021.??.??"]
[EventType "blitz"]

1. e4 e5 2. Nf3 d5 3. Nxe5 Bd6 4. d4 dxe4 5. Nc3 Bxe5 6. dxe5 Qxd1+ 7. Kxd1 Bf5
8. Nb5 Na6 9. Be2 O-O-O+ 10. Ke1 Kb8 11. Be3 Nb4 12. Bd1 a6 13. Nd4 Bg6 14. h4
h6 15. h5 Bh7 16. a3 Nd5 17. c4 Nxe3 18. fxe3 c5 19. Nb3 b6 20. Bc2 Ne7 21. g4
Nc6 22. a4 a5 23. Nd2 Nxe5 24. Ke2 Nd3 25. Rhf1 f6 26. Ra3 Rhe8 27. Bxd3 exd3+
28. Kf3 Re7 29. Rb3 Kc7 30. Rd1 Rde8 31. Nf1 Be4+ 32. Kf2 Re5 33. Ng3 Bh7 34.
Kf3 Rxe3+ {Normal} 0-1

[Event "Rated Blitz game"]
[Site "?"]
[Date "2021.11.14"]
[Round "?"]
[White "miksa99"]
[Black "Razario90"]
[Result "0-1"]
[WhiteElo "2462"]
[BlackElo "2427"]
[PlyCount "66"]
[EventDate "2021.??.??"]
[EventType "blitz"]

1. e4 e5 2. Nf3 d5 3. exd5 e4 4. Nd4 Qxd5 5. Nb5 Qe5 6. Be2 a6 7. N5c3 Nf6 8.
O-O Bd6 9. g3 Nc6 10. d3 exd3 11. Bxd3 O-O 12. Bf4 Qd4 13. Be3 Qb4 14. Qc1 Bh3
15. Re1 Rfe8 16. Nd2 Ne5 17. Bf1 Bxf1 18. Rxf1 Neg4 19. Bg5 Be5 20. a3 Qc5 21.
Nb3 Qb6 22. Na4 Qb5 23. Nac5 Bd6 24. Bxf6 Nxf6 25. Nd3 c5 26. a4 Qc4 27. Qg5 h6
28. Qf5 Qxc2 29. Ra3 c4 30. Nbc5 cxd3 31. Nxd3 Bxa3 32. bxa3 Rad8 33. Nf4 Qxf5
{Normal} 0-1